| 000 | 00926pam a22002891a 4500 | ||
|---|---|---|---|
| 001 | 3751832 | ||
| 003 | ARRUPE | ||
| 005 | 20150907142240.0 | ||
| 008 | 821126r19831982nyu b 001 0 eng | ||
| 010 | _a 82022490 | ||
| 020 | _a0452006201 (pbk.) | ||
| 040 |
_aDLC _cDLC _dDLC |
||
| 050 | 1 | 0 |
_aQC6 _b.J62 1983 |
| 082 | 0 | 0 |
_a530/.01 _219 |
| 100 | 1 |
_aJones, Roger S. _q(Roger Stanley), _d1934- _919392 |
|
| 245 | 1 | 0 |
_aPhysics as metaphor / _cby Roger S. Jones. |
| 260 |
_aNew York : _bNew American Library, _c[1983], c1982. |
||
| 300 | _ap. cm. | ||
| 500 | _aCataloging based on CIP information. | ||
| 500 | _aReprint. Originally published: Minneapolis : University of Minneapolis Press, c1982. | ||
| 500 | _a"A Meridan book." | ||
| 500 | _aIncludes index. | ||
| 504 | _aBibliography: p. | ||
| 650 | 0 |
_aPhysics _xPhilosophy. _919393 |
|
| 906 |
_a7 _bcbc _corignew _d1 _eocip _f19 _gy-gencatlg |
||
| 942 |
_2lcc _cMONOGRAPH |
||
| 999 |
_c123261 _d123261 |
||